00570nam a22001577a 4500008004100000020001800041050002100059100003700080245006600117260004700183300004700230500003800277505006800315650001700383650001200400140819b2013 mx k|||| |||| 00| 0 spa d a9786074386165 aQA152 bS35 2013 aSalazar Guerrero, Ludwingeautor aDe la aritmética al álgebrac/ Ludwing, Salazar Guerrero  aMéxicob: Grupo editorial Patriac, 2013 avii, 285 páginas b: formularios, tablas aIncluye: Anexos p.287 (4,5,6,7,8) aAritmética Operaciones algebraicas Funciones y ecuaciones aARTIMÉTICA aALGEBRA